| 000 | 00662nam a2200205 a 4500 | ||
|---|---|---|---|
| 005 | 20230921063615.0 | ||
| 008 | 141020s2003 mx r 000 0 spa d | ||
| 020 | _a9707270306 | ||
| 035 | _aUPN01000200344 | ||
| 049 | _aCG | ||
| 050 | 4 |
_aHC135 _bB8.3 |
|
| 100 | 1 |
_aBuganza Salmerón, Gerardo, _d1956- _936566 |
|
| 245 | 1 | 0 |
_aFox a medio camino : _bestabilidad económica mejora para la gente / _cGerardo Buganza Salmerón. |
| 260 |
_aMéxico : _bSenado de la República, _c2003. |
||
| 300 |
_a129 p. : _bil. |
||
| 440 | 0 |
_aLegisladores _vXV |
|
| 651 | 4 |
_aMéxico _xCondiciones económicas _y1994- _97891 |
|
| 650 | 4 |
_aECONOMIA - _zMEXICO _914630 |
|
| 905 | _aLibro | ||
| 999 |
_c172445 _d172445 |
||